000 00756nam a2200193 i 4500
001 182013
003 ES-MaACL
005 20230906221518.0
008 130523q18501899fr |||| | fre d
100 1 _aBalzac, Honoré de,
_d1799-1850
_925139
245 1 0 _a[Théâtre complet : Mercadet ; La Marâtre ; Paméla Giraud ; Les Ressources de Quinola ; Vautrin /
_cHonoré de Balzac].
260 _a[S.l. :
_bs.n.,
_c18-?] (
_fDidot)
300 _a112 p. :
_bil. ;
_c30 cm.
490 1 _aThéatre complet de Balzac
594 _aAutor, títulos tomado de la primera página del interior del texto.
830 0 _aThéatre complet de Balzac
_9224787
852 _aES-MaACL
_jR-1710(17)
_q.- Ejempl. sin portada en un vol. facticio
999 _c182013
_d182013